000 00501nam a2200193Ia 4500
003 OSt
005 20220926045634.0
006 a|||||r|||| 00| 0
007 ta
008 220923b |||||||| |||| 00| 0 eng d
037 _cGeneral Book
040 _aRTL
_cRTL
_beng
041 _2eng
_aeng
082 _aW:17, K4;L1/TD
100 _aNADEL G H
_9350484
245 0 _aImperialism and colonialism.
942 _hW:17, K4;L1/TD
_cGB
_2CC
999 _c678220
_d678220